Proceeding: Environmental Law in the 1980s'A new Beginning (Record no. 6441)

MARC details
005 - DATE AND TIME OF LATEST TRANSACTION
control field 20250629164143.0
082 ## - DEWEY DECIMAL CLASSIFICATION NUMBER
Classification number 344.71'046 ENV
245 ## - TITLE STATEMENT
Title Proceeding: Environmental Law in the 1980s'A new Beginning
260 ## - PUBLICATION, DISTRIBUTION, ETC.
Place of publication, distribution, etc. Toronto
Name of publisher, distributor, etc. Canadian Institute of Resources Law.
Date of publication, distribution, etc. 1982.
300 ## - PHYSICAL DESCRIPTION
Extent iv,232p.
Dimensions 27cm.
700 ## - ADDED ENTRY--PERSONAL NAME
Other authors/Editors FRINKLE,P. & LUCAS,R.A.
942 ## - ADDED ENTRY ELEMENTS (KOHA)
Source of classification or shelving scheme Dewey Decimal Classification
Koha item type Books
Holdings
Date last seen Total checkouts Full call number Barcode Cost, replacement price Price effective from Koha item type Lost status Source of classification or shelving scheme Damaged status Not for loan Withdrawn status Home library Current library Shelving location Date acquired Cost, normal purchase price
06/29/2025   344.71'046 ENV DOM0003268 45000.00 06/29/2025 Books   Dewey Decimal Classification       CBE Dodoma CBE Dodoma General Collection 01/07/1987 15000.00